000 00621nam a2200241Ia 4500
003 OSt
005 20220928113204.0
006 a|||||r|||| 00| 0
007 ta
008 220927b |||||||| |||| 00| 0 eng d
024 _a62774
037 _cTextual
040 _aSDCL
_cSDCL
_beng
041 _2eng
_aeng
082 _aO152,3N29:g, M9
100 _aVerma Nirmal
_9392706
245 0 _aKahanikar nirmal varma.
260 _c1989
300 _avi,108p.
_ccm.
700 _a Ahmed sultan
_9431897
942 _hO152,3N29:g, M9
_cTEXL
_2CC
999 _c748456
_d748456